Statistics for Generator Puzzle #62

Click here to take the quiz!

General Stats

  • This quiz has been taken 100 times
  • The average score is 14 of 21

Answer Stats

word% Correct
doctor's assistantnurse
95%
belly-buttonnavel
90%
Agsilver
89%
4-letter countryIran
85%
central church walkwayaisle
83%
someone who competes against yourival
83%
this, in Spain, stays mainly on the plainrain
79%
slow-moving molluscsnail
77%
iron block for hammering metal onanvil
70%
washing cyclerinse
70%
smooth, like James Bondsuave
69%
unworldly, gulliblenaïve
66%
to disentangle threadsunravel
66%
pay a premium to cover lossinsure
61%
in a straight linelinear
52%
colored river?Nile
48%
killed, murderedslain
48%
6-letter countryIsrael
46%
Oceanian capital citySuva
41%
9-letter wordUNIVERSAL
23%
of islands; also narrow-mindedinsular
22%

Score Distribution

Percentile by Number Answered

Percent of People with Each Score

Your Score History

You have not taken this quiz